000 00471nam a2200193Ia 4500
005 20250423100645.0
008 250422s9999 xx 000 0 und d
020 _a0-13-717943-X
050 _aTS 155 .A29514/
100 _aEverett E. Adam, Jr.
245 0 _aProduction and Operations Management
250 _aFifth Edition
260 _aNew Jersey
260 _bPrentice Hall, Inc.
260 _c1992
300 _a729 p
650 _aManagement
942 _cBK
999 _c33969
_d33969